00435nam a2200157Ia 4500008004100000020002200041041000800063082001900071100002100090245004600111260004400157300000900201500000900210650002700219700003100246220803s9999 xx 000 0 und d a978-1-4180-1286-1 aeng a712.36 VAN/ROD aVanDerZanden A M aLandscape Design : Theory And Application aNew YorkbThomson Delmar Learningc2008 a424p aBCUD aLandscape Architecture aRodie S N VanDerZanden A M